Statistiques concernant Les albums certifiés disque de diamant dans la décennie 2010

Cliquez ici pour prendre le quiz!

Statistiques générales

  • Ce quiz a été pris 32 fois
  • Le résultat moyen est 11 sur 71

Statistiques - réponses

Année de
sortie
Nom de l'album% Correct
2019Deux Frères
66%
2016Dans la légende
55%
2019Destin
55%
2017Ipséité
52%
2019Les Étoiles vagabondes (Expension)
52%
2017La Fête est finie
48%
2016Cyborg
45%
2015Feu
45%
2015My World
34%
2017Commando
31%
2015A7
28%
2018Ceinture Noire
28%
2013Racine Carrée
28%
2018Brol
24%
2012L'Apogée
24%
2018Nakamura
24%
2013Subliminal
21%
2016L'Everest
17%
201121
14%
201525
14%
2017Gentlemen 2.0
14%
2019Johnny
14%
2017La vraie vie
14%
2014Les yeux plus gros que le monde
14%
201713
10%
2010Bleu Noir
10%
2015Chambre 12
10%
2015Ensemble
10%
2014Kendji
10%
2014Les Feux d'artifice
10%
2013Random Access Memories
10%
2016Renaud
10%
2016Tout le bonheur du monde
10%
2012Born to Die
7%
2010Bretonne
7%
2014Chaleur Humaine
7%
2016Claudio Capéo
7%
2011Dans l'œil des enfoirés (Live)
7%
2016Encore un soir
7%
2014Fréro Delavega
7%
2012Génération Goldman
7%
2018Jeannine
7%
2013Je veux du bonheur
7%
2013La Reine des Neiges (OST)
7%
2012L'Attente
7%
2014Mini World
7%
2015Mon cœur avait raison
7%
2012Monkey Me
7%
2018Mon pays c'est l'amour
7%
2016My Way
7%
2011Nothing but the Beat
7%
2010On trace la route
7%
2018Phoenix
7%
2014Rester vivant
7%
2010Sale el sol
7%
2012Sans attendre
7%
2015Un monde meilleur
7%
2019VersuS
7%
2013Vieillir avec toi
7%
2015Zanaka
7%
2010Zaz
7%
2017÷
3%
2018A Star Is Born (OST)
3%
2010Frontières
3%
2010La Crise de nerfs ! (Live)
3%
2013Recto Verso
3%
2010Spiritus Dei
3%
2010The Beginning
3%
2012Unorthodox Jukebox
3%
2016Vianney
3%
2016&
0%

Distribution des résultats

Percentile par nombre de réponses

% des personnes avec chaque résultat

Votre développement - résultats

Vous n’avez pas pris ce quiz